| 000 | 01220nam a2200313Ia 4500 | ||
|---|---|---|---|
| 001 | Para_1720 | ||
| 003 | CHAP | ||
| 008 | 220125s1998 xx 000 0 und d | ||
| 010 | _a200338 | ||
| 040 | _cCHAP | ||
| 082 | _aPA 632.58 C6 1998 | ||
| 111 |
_aCongreso Nacional de la Ciencia de la Maleza (19:1998:Mexicali, B.C.) _9165211 |
||
| 245 |
_aMemoria / _c por Asociación Mexicana de la Ciencia de la Maleza |
||
| 260 |
_aMexicali, B.C. : _b La Asociación |
||
| 300 | _a151 p. | ||
| 500 | _aContiene: Simposio Internacional sobre control de maleza en zonas de riego y Primer Congreso Nacional sobre Control de Maleza Acuática | ||
| 650 |
_aMalas hierbas _x congresos _970010 |
||
| 650 |
_aMalas hierbas _x México _970025 |
||
| 710 |
_aAsociación Mexicana de la Ciencia de la Maleza _9165212 |
||
| 710 |
_aCongreso Nacional sobre Control de Maleza Acuática (1:1998:Mexicali,B.C.) _9165213 |
||
| 710 |
_aSimposio Internacional sobre control de maleza en zonas de riego (1:1998:Mexicali, B.C. _9165214 |
||
| 901 | _aPA 632.58 C6 1998 | ||
| 902 | _aA | ||
| 905 | _a0000001998 0000000000 00 | ||
| 910 | _a1998 | ||
| 942 | _cPARA | ||
| 942 |
_cPARA _d1 |
||
| 999 |
_c200338 _d200338 |
||